Janson; an authentic revival of a classic book face : adapted to the monotype by Sol Hess.

Bibliographic Details
Corporate Author: Lanston Monotype Machine Company
Other Authors: Hess, Sol, 1886-1953
Format: Book
Language:English
Published: Philadelphia : Lanston Monotype Machine Company, [1937]
Subjects:

MARC

Tag First Indicator Second Indicator Subfields
LEADER 00000cam a2200000Ma 4500
001 in00002024972
005 20151031180723.0
008 830725s1937 paua 000 0 eng
010 |a  39011626  
035 |a (OCoLC)ocm44660015 
040 |a DLC  |c ZCU  |d TXA  |d UtOrBLW 
049 |a TXAM 
050 0 |a Z250  |b .L27 
082 0 |a 655.24 
090 |a Z250.5.J36  |b L36 1937 
110 2 |a Lanston Monotype Machine Company. 
245 1 0 |a Janson; an authentic revival of a classic book face :  |b adapted to the monotype by Sol Hess. 
264 1 |a Philadelphia :  |b Lanston Monotype Machine Company,  |c [1937] 
264 4 |c ©1937 
300 |a 26 unnumbered pages ;  |c 27 cm. 
336 |a text  |b txt  |2 rdacontent 
337 |a unmediated  |b n  |2 rdamedia 
338 |a volume  |b nc  |2 rdacarrier 
500 |a Cover title. 
580 |a The Cushing Library copy forms part of the Bibliography and Books Arts Section of the Al Lowman Printing Arts Collection and Research Archive. 
650 0 |a Type and type-founding. 
650 0 |a Printing  |v Specimens. 
600 1 0 |a Janson, Anton,  |d 1620-1687. 
700 1 |a Hess, Sol,  |d 1886-1953. 
773 0 |t Al Lowman Printing Arts Collection and Research Archive. 
948 |a cataloged  |b h  |c 2005/2/11  |d c  |e mjackson  |f 2:30:26 pm 
994 |a C0  |b TXA 
999 |a MARS 
999 f f |s a7b3ee7a-67bb-37a5-bcc6-f817d6e322d6  |i 54c58259-a66d-38e2-8969-cd8444f96df6  |t 0 
952 f f |p noncirc  |a Texas A&M University  |b College Station  |c Cushing Memorial Library & Archives  |d Cushing: Lowman (Does not check out)  |t 0  |e Z250.5.J36 L36 1937  |h Library of Congress classification  |i unmediated -- volume 
998 f f |a Z250.5.J36 L36 1937  |t 0  |l Cushing: Lowman (Does not check out)